000 00178 a2200097 4500
020 _a9781595664907
041 _aspa
100 _aHannah Ray
245 _aLas Galinas
942 _cK
999 _c26085
_d26085